| 000 | 01636cam a2200289 a 4500 | ||
|---|---|---|---|
| 001 | 4255 | ||
| 003 | FISKH | ||
| 005 | 20240710144458.0 | ||
| 008 | 830707s1983 nyu 000 0 eng | ||
| 010 | _a 83062158 | ||
| 020 | _a0688022502 : | ||
| 020 | _a9780688144043 | ||
| 040 |
_aDLC _cDLC _dDLC _beng |
||
| 050 | _aHQ759.J66 | ||
| 082 | _a306.8743 | ||
| 100 | 1 | _aJohnson, Spencer. | |
| 245 | 1 | 4 |
_aThe one minute mother : _bthe quickest way for you to help your children learn to like themselves and want to behave themselves / _cSpencer Johnson. |
| 260 |
_aNew York : _bHarper, _c1983. |
||
| 300 |
_a112 pages : _c21 cm |
||
| 520 | _aThis story begins where most mothers are and takes them to where they want to be. Bestselling author Spencer Johnson shares his world-renowned ′One Minute′ secrets - three simple and easy-to-understand techniques that take little but yield great results. When you use what you learn in the story you will discover: How to become an effective disciplinarian. How to reach your own potential while helping your children to reach theirs. How to help your children′s self-esteem by developing their sense of responsibility. How to enjoy one another more as a family. With this book, written by a pioneer in helping people to gain better health through better communications, a mother can care for her children with confidence and ease, enriching and strengthening the mother-child bond each day. | ||
| 650 | 0 | _aMother and child. | |
| 650 | 0 | _aParenting. | |
| 650 | 0 | _aChild psychology. | |
| 906 |
_a7 _bcbc _corignew _d2 _eopcn _f19 _gy-gencatlg |
||
| 942 |
_2ddc _cBK _n0 |
||
| 999 |
_c4255 _d4255 |
||